| 000 | 00708nam a2200241Ia 4500 | ||
|---|---|---|---|
| 003 | OSt | ||
| 005 | 20250128111809.0 | ||
| 008 | 210210b2016 xxu||||| |||| 00| 0 eng d | ||
| 040 | _cAL | ||
| 041 | _aKannada | ||
| 082 | _a158.1K YANN | ||
| 100 |
_aYANDAMURI VIRENDRANATH _dಯಂಡಮೂರಿ ವೀರೇಂದ್ರನಾಥ್ _9195769 |
||
| 245 |
_aNanna elgege nane eni _bನನ್ನ ಏಳಿಗೆಗೆ ನಾನೇ ಏಣಿ |
||
| 260 |
_aHubli _bSahitya Prakashana _c2016 |
||
| 300 | _a200 | ||
| 650 |
_aNanna _9195770 |
||
| 650 |
_anane _9195771 |
||
| 650 |
_aeni _9195772 |
||
| 650 |
_aelgege _9195773 |
||
| 690 |
_aApplied Psychology _9195774 |
||
| 906 | _a070871 | ||
| 942 |
_2ddc _cBK |
||
| 999 |
_c120286 _d120286 |
||